000 00444nam a2200193Ia 4500
001 7413
003 OSt
005 20251117150719.0
008 211022s9999 xx 000 0 und d
040 _cIVS
082 _a720.954 TAD
100 _aTadgell, Christopher
245 4 _aThe history of architecture in India
260 _aLondon
260 _bArchitecture Design and Techno
260 _c1990
300 _a314
942 _cBK
_2ddc
_n0
999 _c3485
_d3485